000 00462nam a2200157Ia 4500
999 _c30269
_d30269
003 OSt
005 20210108161706.0
008 190216s9999||||xx |||||||||||||| ||und||
040 _coclc
082 _a894.812301
_bBHA/G
100 _aBhattacharya, N B
_98278
245 0 _aGrameena Jeevithathile Puthan Koombukal /
_cN B Bhattacharya
260 _bThaker & co,
300 _a80p
942 _cBK
_2ddc
_h894.812301
_iBHA/G
_k894.812301
_mBHA/G